|
|
|
|
| LEADER |
00000nam a2200000 a 4500 |
| 001 |
vtls008397797 |
| 003 |
SK-MaSNL |
| 005 |
20260426002055.0 |
| 008 |
251124s1952 xo slo |
| 015 |
|
|
|a SKSNBA19451955-011222
|
| 035 |
|
|
|a SK01SNKBKSFS20020090014
|
| 035 |
|
|
|a SKM000092477
|
| 040 |
|
|
|a SNK
|b slo
|c SNK
|e AACR2
|
| 041 |
1 |
|
|a slo
|
| 044 |
|
|
|a xo
|
| 080 |
|
|
|a 01
|2 1981
|
| 080 |
|
|
|a 655.5
|2 1981
|
| 245 |
1 |
0 |
|a Soznam kníh 1951-1952
|
| 260 |
|
|
|a Bratislava
|b Slovenský spisovateľ
|c [1952]
|e Bratislava
|f Práca
|
| 300 |
|
|
|a [92] s.
|c V. 8°
|
| 500 |
|
|
|a Ilustrované
|
| 610 |
2 |
7 |
|a Slovenský spisovateľ (vydavateľstvo)
|2 SNKKA
|9 154446
|
| 650 |
0 |
7 |
|a nakladateľstvá a vydavateľstvá
|2 SNKPH
|9 2789
|
| 651 |
|
7 |
|a Bratislava (Slovensko)
|2 SNKPH
|9 14568
|
| 655 |
|
7 |
|a katalógy
|2 SNKPH
|9 60821
|
| 852 |
|
|
|a Univerzitná knižnica v Bratislave
|b 300000
|h SD 4511
|
| 852 |
|
|
|a Národní knihovna ČR Praha
|b 9090000
|h I 68241
|
| 958 |
|
|
|a OND
|
| 958 |
|
|
|a RK
|
| 958 |
|
|
|a TL
|
| 999 |
|
|
|c 908913
|d 910843
|
| 952 |
|
|
|a SNK
|b SNK
|y PREZ
|7 0
|p 17A7633306
|o snkOSC 1227
|i snkF 3735/67
|8 5
|0 0
|1 0
|4 0
|d 2012-02-24
|l 0
|r 2026-02-24 07:37:20
|w 2026-02-24
|
| 952 |
|
|
|a SNK
|b SNK
|y VYP
|7 0
|p 17A0887051
|o snkOSC 1227 D1
|i snkF 1608/84
|8 5
|0 0
|1 0
|4 0
|d 2012-02-24
|l 0
|r 2026-02-24 07:37:20
|w 2026-02-24
|